000 00812cam a2200229 a 4500
005 20140520110330.0
008 890831s1990 maua b 001 0 eng
020 _a0877735220
100 1 _aLaughlin, Charles D.,
_d1938-
245 1 0 _aBrain, symbol & experience :
_btoward a neurophenomenology of human consciousness /
_cCharles D. Laughlin, Jr., John McManus, Eugene G. d'Aquili.
250 _a1st ed.
260 _aBoston, Mass. :
_bNew Science Library,
_c1990.
300 _axvi, 403 p. :
_bill. ;
_c23 cm.
504 _aIncludes bibliographical references.
650 0 _aConsciousness.
650 0 _aConsciousness
_xPhysiological aspects.
650 0 _aSymbolism (Psychology)
650 0 _aExperience.
700 1 _aMcManus, John,
_d1942-
700 1 _aD'Aquili, Eugene G.,
_d1940-
942 _2lcc
_cBK
999 _c36152
_d36152